| 000 | 00382nam a22001337a 4500 | ||
|---|---|---|---|
| 999 |
_c535697 _d535697 |
||
| 020 | _a978-9811326998 | ||
| 040 | _cMSOHAIL | ||
| 082 |
_a333.91 _bSIN |
||
| 100 |
_a Amarjit Singh (Author, Editor), Dipankar Saha (Author, Editor), Avinash C. Tyagi _930472 |
||
| 245 | _aWater Governance: Challenges and Prospects | ||
| 260 |
_bSpringer _c2019 |
||
| 300 | _a368;p | ||
| 942 |
_2ddc _cBK |
||